000 00791nam a22001337a 4500
999 _c532500
_d532500
008 260211b ||||| |||| 00| 0 eng d
100 _aBhutani, Ashish Kumar
_958883
245 _aCooperatives realizing dream of Viksit Bharat@2047
260 _aKurukshetra
300 _a73(9), Jul, 2025: p.5-8
520 _aThe United nations has declared the year 2025 as the ‘international year of cooperatives’ with the theme ‘cooperatives bulled a better world.’ India, with the resolve of ‘Sahkar se Samriddhi is celebrating the social and economic contribution of cooperative societies. IYC 2025 serves as a platform to showcase success stores, promote innovation, and modernize practices across the cooperative landscape. – Reproduced
773 _aKurukshetra
942 _cAR